| 000 | 00691cam a22002411 4500 | ||
|---|---|---|---|
| 001 | sa 68017370 | ||
| 003 | DLC | ||
| 005 | 20260227112702.0 | ||
| 008 | 720721s1965 xx 000 0 ind | ||
| 010 | _asa 68017370 | ||
| 035 | _a(OCoLC)362007 | ||
| 040 |
_aDLC _cOAU _dOCoLC _dDLC |
||
| 042 | _apremarc | ||
| 050 | 0 | 0 |
_aBP188.2 _b.H34 1965 |
| 100 | 1 | _aHassan, A. | |
| 245 | 1 | 0 |
_aKitab kesopanan tinggi, _coleh A. Hassan. |
| 250 | _a[Tjet. 6.] | ||
| 260 |
_aBangil, _bPersatuan Islam, Bahagian Pustaka _c[1965?] |
||
| 300 |
_a75 p. _c21 cm. |
||
| 500 | _aCover title: Kesopanan tinggi, setjara Islam. | ||
| 650 | 0 |
_aReligious life _xIslam |
|
| 740 | 0 | _aKesopanan tinggi, setjara Islam. | |
| 999 |
_c87686 _d87686 |
||